<?xml version="1.0" encoding="UTF-8"?>
<marc:record xmlns:marc="http://www.loc.gov/MARC21/slim">
   <marc:leader>00000nam a2200000 a 4500</marc:leader>
   <marc:datafield ind1="1" ind2=" " tag="100">
      <marc:subfield code="a">Connelly, Michael</marc:subfield>
      <marc:subfield code="4">aut</marc:subfield>
      <marc:subfield code="e">Verfasser/-in</marc:subfield>
   </marc:datafield>
   <marc:datafield ind1="0" ind2="0" tag="245">
      <marc:subfield code="a">Götter der Schuld</marc:subfield>
   </marc:datafield>
   <marc:datafield ind1="0" ind2="0" tag="245">
      <marc:subfield code="b">Thriller</marc:subfield>
   </marc:datafield>
   <marc:datafield ind1="0" ind2="0" tag="245">
      <marc:subfield code="c">Michael Connelly ; aus dem Amerikanischen von Sepp Leeb</marc:subfield>
   </marc:datafield>
   <marc:datafield ind1=" " ind2="1" tag="264">
      <marc:subfield code="a">München</marc:subfield>
      <marc:subfield code="b">Droemer Taschenbuch</marc:subfield>
   </marc:datafield>
   <marc:datafield ind1="1" ind2=" " tag="490">
      <marc:subfield code="a">Droemer</marc:subfield>
      <marc:subfield code="v">30579</marc:subfield>
   </marc:datafield>
   <marc:datafield ind1=" " ind2=" " tag="250">
      <marc:subfield code="a">Vollständige Taschenbuchausgabe</marc:subfield>
   </marc:datafield>
   <marc:datafield ind1="1" ind2=" " tag="520">
      <marc:subfield code="a">Angaben aus der Verlagsmeldung

Götter der Schuld : Thriller / von Michael Connelly

Ein Justiz-Thriller der Extraklasse von Amerikas Spannungs-Autor Nr. 1

Der pragmatische, mit allen Wassern gewaschene Anwalt Mickey Haller wird in Los Angeles in den Mordfall an einem Callgirl verwickelt. Er kennt die Tote, denn vor nicht allzu langer Zeit hatte er Gloria Dayton vor Gericht erfolgreich verteidigt. Die Anklage wegen Kokainschmuggels wurde fallengelassen, als die Frau ihre Hintermänner preisgab. Eigentlich hätte sie gar nicht in L.A. sein dürfen, sondern auf Hawaii. Doch nun wird ihr Online-Administrator des Mordes beschuldigt. Der Mann beteuert seine Unschuld, und Haller wird den Verdacht nicht los, dass sein Erfolg damals vor Gericht noch ganz andere Folgen gehabt hat ...

"Michael Connelly hat sein Vorbild John Grisham längst hinter sich gelassen." stern
</marc:subfield>
   </marc:datafield>
   <marc:datafield ind1=" " ind2=" " tag="020">
      <marc:subfield code="a">9783426305799</marc:subfield>
      <marc:subfield code="9">9783426305799</marc:subfield>
   </marc:datafield>
   <marc:datafield ind1=" " ind2=" " tag="020">
      <marc:subfield code="a">3426305798</marc:subfield>
      <marc:subfield code="9">3426305798</marc:subfield>
   </marc:datafield>
   <marc:datafield ind1=" " ind2=" " tag="041">
      <marc:subfield code="a">ger</marc:subfield>
   </marc:datafield>
   <marc:datafield ind1=" " ind2=" " tag="300">
      <marc:subfield code="a">507 Seiten</marc:subfield>
   </marc:datafield>
</marc:record>
